000 00735nam a2200241Ia 4500
003 OSt
005 20220925174211.0
006 a|||||r|||| 00| 0
007 ta
008 220923b |||||||| |||| 00| 0 eng d
037 _cGeneral Book
040 _aRTL
_cRTL
_beng
041 _2eng
_aeng
082 _aYjN01, L2
100 _aSinha Surajit
_9132059
245 0 _aAspects of Indian culture and society
_b Essays in felicitation of Nirmal Kumar Bose
260 _aCalcutta
_bIndian Anthropological Society
_c1972
300 _a248p
_ccm.
490 _aIndian Anthropological Society
500 _aBibliography chapterwise
942 _hYjN01, L2
_cGB
_2CC
999 _c490297
_d490297